000 00796nam a2200265 i 4500
003 DO-SdBNP
005 20230613112548.0
007 ta
008 230613b2004 dr ||||| |||| 00| 0 spa d
020 _a9993425532
040 _aDO-SdBNP
_bspa
_cBNPHU
_erda
082 4 _a616.462
_bM863m, 2004
_222
100 1 _aMorla Báez, Elbi,
_926834
_eautor
245 1 0 _aManual para el niño y adolescente con diabetes mellitus /
_cElbi Morla Báez.
264 1 _aSanto Domingo :
_bIntec,
_c2004.
300 _a98 páginas ;
_c21 cm.
336 _2rdacontent
_atexto
_btxt
337 _2rdamedia
_asin mediación
_bn
338 _2rdacarrier
_avolumen
_bnc
590 _aInventariado, 2023/BT
650 4 _aDiabetes infantil
_926835
650 4 _aDiabetes
_99373
910 _aBtavárez
942 _2ddc
_cLBS1
999 _c53794
_d53794